Beyond the post-modern mind /

Bibliographic Details
Main Author: Smith, Huston
Format: Book
Language:English
Published: New York : Crossroad, 1982.
Subjects:

MARC

Tag First Indicator Second Indicator Subfields
LEADER 00000pam a2200000 a 4500
001 in00000085813
005 20151008053308.0
008 811105s1982 nyu b 00110 eng
010 |a  81017475  
020 |a 0824504577 :  |c $14.95 
035 |a (OCoLC)07977508 
035 |9 AAH6962AM 
039 0 |a 2  |b 3  |c 3  |d 3  |e 3 
040 |a DLC  |c DLC  |d TXA  |d UtOrBLW 
049 |a TXAM  |c [388477] 
050 0 0 |a B804  |b  S576 1982 
082 0 |a 190/.9/04  |2 19 
100 1 |a Smith, Huston. 
245 1 0 |a Beyond the post-modern mind /  |c Huston Smith. 
264 1 |a New York :  |b Crossroad,  |c 1982. 
300 |a xiii, 201 pages ;  |c 24 cm. 
336 |a text  |b txt  |2 rdacontent 
337 |a unmediated  |b n  |2 rdamedia 
338 |a volume  |b nc  |2 rdacarrier 
504 |a Includes bibliographical references and index. 
650 0 |a Philosophy, Modern  |y 20th century. 
999 |a MARS 
999 f f |s c6783d3c-2fc4-3467-be10-938a4b744b66  |i 239e78b8-41d0-3ffa-9083-f2ae59fe3845  |t 0 
952 f f |p ric  |a Texas A&M University  |b Rellis Campus  |c Joint Library Facility  |d Remote Storage  |t 0  |e B804 .S576 1982  |h Library of Congress classification  |i unmediated -- volume  |m A14805948747 
998 f f |a B804 .S576 1982  |t 0  |l Remote Storage